| Tag |
First Indicator |
Second Indicator |
Subfields |
| LEADER |
00000cas a2200000 a 4500 |
| 001 |
in00000853613 |
| 005 |
20151019075057.0 |
| 008 |
770620c19669999dcuar s f0 a0eng d |
| 010 |
|
|
|a 81640150
|
| 022 |
1 |
|
|a 0275-4983
|2 1
|
| 029 |
1 |
|
|a AU@
|b 000022106789
|
| 035 |
|
|
|a (OCoLC)03056908
|
| 040 |
|
|
|a GPO
|c GPO
|d DLC
|d NSD
|d OCL
|d GPO
|d DLC
|d GPO
|d DLC
|d MUL
|d NST
|d IUL
|d OCLCQ
|d UtOrBLW
|
| 042 |
|
|
|a lc
|a nsdp
|
| 043 |
|
|
|a n-us---
|
| 049 |
|
|
|a TXAM
|
| 050 |
0 |
0 |
|a HD9711.2.U6
|b C87
|
| 074 |
|
|
|a 142-A
|
| 082 |
0 |
0 |
|a 380.1/4562913436/0973021
|2 19
|
| 086 |
0 |
|
|a C 56.216:MA-37 E
|
| 086 |
0 |
|
|a C 3.158:MA-37 E
|
| 222 |
|
0 |
|a Aircraft propellers
|
| 245 |
0 |
0 |
|a Current industrial reports.
|n MA-37E,
|p Aircraft propellers.
|
| 246 |
3 |
0 |
|a Aircraft propellers
|
| 246 |
1 |
|
|i Issues for 1982- have title:
|a Current industrial reports.
|n MA37E,
|p Aircraft propellers
|
| 264 |
|
1 |
|a Washington :
|b United States, Dept. of Commerce, Bureau of the Census, Federal Aviation Agency :
|c 1967-
|
| 264 |
|
2 |
|a Washington :
|b For sale by the Subscriber Services Section (Publications), Bureau of the Census,
|
| 300 |
|
|
|a volumes ;
|c 23-28 cm.
|
| 310 |
|
|
|a Annual
|
| 336 |
|
|
|a text
|b txt
|2 rdacontent
|
| 337 |
|
|
|a unmediated
|b n
|2 rdamedia
|
| 338 |
|
|
|a volume
|b nc
|2 rdacarrier
|
| 362 |
0 |
|
|a 1966-
|
| 500 |
|
|
|a Title from caption.
|
| 500 |
|
|
|a Latest issue consulted: 1985.
|
| 500 |
|
|
|a Previously classed: C 56.216:, C 56.216:MA-37 E.
|
| 650 |
|
0 |
|a Aircraft supplies industry
|z United States
|v Statistics
|v Periodicals.
|
| 650 |
|
0 |
|a Propellers, Aerial
|v Statistics
|v Periodicals.
|
| 650 |
|
0 |
|a Propellers, Aerial
|x Statistics
|x Periodicals.
|
| 710 |
1 |
|
|a United States.
|b Bureau of the Census.
|
| 780 |
0 |
0 |
|a Current industrial reports. M37E, Aircraft propellers
|w (DLC) 00238891
|w (OCoLC)32107323
|
| 850 |
|
|
|a CU
|a DLC
|
| 994 |
|
|
|a C0
|b TXA
|
| 999 |
|
|
|a MARS
|
| 999 |
f |
f |
|s 9a2c0e08-0c73-3092-8a5d-7a072359c59c
|i c94ed8dc-92aa-318a-ac44-902dee38cc92
|t 0
|
| 952 |
f |
f |
|p normal
|a Texas A&M University
|b College Station
|c Sterling C. Evans Library
|d Evans: US Documents (Annex 5th floor)
|t 0
|e C 3.158:MA-37 E
|h Superintendent of Documents classification
|i unmediated -- volume
|k 1966-1970,1976-1985
|m A14837677479
|
| 952 |
f |
f |
|p normal
|a Texas A&M University
|b College Station
|c Sterling C. Evans Library
|d Evans: US Documents (Annex 5th floor)
|t 0
|e C 56.216:MA-37 E
|h Superintendent of Documents classification
|i unmediated -- volume
|k 1971-1975
|m A14837677411
|
| 998 |
f |
f |
|a C 3.158:MA-37 E
|s 1966-1970,1976-1985
|t 0
|l Evans: US Documents (Annex 5th floor)
|
| 998 |
f |
f |
|a C 56.216:MA-37 E
|s 1971-1975
|t 0
|l Evans: US Documents (Annex 5th floor)
|